[Event "Pescara Weekend op 2nd"]
[Site "Pescara"]
[Date "2007.09.09"]
[Round "4"]
[White "Zarrillo, Giovambattista"]
[Black "Di Censo, Angelo"]
[Result "0-1"]
[WhiteElo "1527"]
[BlackElo "1748"]
[PlyCount "78"]
[EventDate "2007.09.07"]
[EventType "swiss"]
[EventRounds "6"]
[EventCountry "ITA"]
[SourceTitle "EXT 2010"]
[Source "ChessBase"]
[SourceDate "2010.11.25"]
[SourceVersion "1"]
[SourceVersionDate "2010.11.25"]
[SourceQuality "1"]

1. d4 Nf6 2. c4 e6 3. Nc3 b6 4. Nf3 Bb7 5. Bg5 Be7 6. e3 d5 7. Be2 Nbd7 8. Rc1 c5 9. 0-0 0-0 10. Re1 cxd4 11. Nxd4 dxc4 12. Bxc4 Ne5 13. Be2 h6 14. Bh4 Ng6 15. Bg3 e5 16. Nf3 e4 17. Nd4 Nh7 18. Qc2 Rc8 19. Qa4 a6 20. Bg4 Rc5 21. Nf5 b5 22. Qb3 Kh8 23. Red1 Qa8 24. Nxe7 Nxe7 25. Bd6 Rg5 26. Bxe7 Rxg4 27. Bxf8 Qxf8 28. Rd7 Bc8 29. Rxf7 Qe8 30. Rd1 Be6 31. Qa3 Bxf7 32. Qxa6 Bc4 33. Qb6 Bd3 34. Nxb5 Ng5 35. Nc7 Nh3+ 36. Kh1 Nxf2+ 37. Kg1 Qf8 38. Rc1 Nh3+ 39. Kh1 Qf2 0-1

[Event "Pescara Weekend op 2nd"]
[Site "Pescara"]
[Date "2007.09.09"]
[Round "3"]
[White "Zarrillo, Giovambattista"]
[Black "Di Pietro, Gabriele"]
[Result "0-1"]
[WhiteElo "1527"]
[BlackElo "1749"]
[PlyCount "74"]
[EventDate "2007.09.07"]
[EventType "swiss"]
[EventRounds "6"]
[EventCountry "ITA"]
[SourceTitle "EXT 2010"]
[Source "ChessBase"]
[SourceDate "2010.11.25"]
[SourceVersion "1"]
[SourceVersionDate "2010.11.25"]
[SourceQuality "1"]

1. d4 e6 2. c4 Nf6 3. Nc3 d5 4. Nf3 dxc4 5. e4 Be7 6. Bxc4 0-0 7. 0-0 Nc6 8. Bg5 Na5 9. Be2 Nd7 10. Bf4 a6 11. Rc1 b5 12. a3 Bb7 13. d5 Nc4 14. Bxc4 bxc4 15. d6 cxd6 16. Bxd6 Nc5 17. Bxc5 Bxc5 18. Na4 Rc8 19. Ne5 Ba7 20. Re1 Qf6 21. Nf3 Rfd8 22. Qe2 Rd7 23. Rxc4 Rcd8 24. Nc5 Bxc5 25. Rxc5 Qf4 26. Rcc1 h6 27. g3 Qf6 28. Rc2 Rd3 29. Nh4 a5 30. Rec1 Ba6 31. e5 Qg5 32. Qe1 Qg4 33. Rc7 Rd1 34. f3 Rxe1+ 35. Rxe1 Qd4+ 36. Kh1 Qf2 37. Rec1 Rd2 0-1